La constitución y la defensa del orden democrático (Registro nro. 31489)

Detalles MARC
000 -LEADER
fixed length control field 00333 a2200109 4500
001 - CONTROL NUMBER
control field ART_30517
005 - DATE AND TIME OF LATEST TRANSACTION
control field 20260410162003.0
008 - FIXED-LENGTH DATA ELEMENTS--GENERAL INFORMATION
fixed length control field 260409a
100 1# - MAIN ENTRY--PERSONAL NAME
Personal name Serrafero, Mario Daniel
245 10 - TITLE STATEMENT
Title La constitución y la defensa del orden democrático
773 0# - HOST ITEM ENTRY
Title Foro político
Related parts - Vol. XXV (abr. 1999)
Record control number REV30389

No hay ítems disponibles.